| 000 | 00830nam a22003131c 4500 | ||
|---|---|---|---|
| 001 | a987691936 | ||
| 008 | 190517s2017 gw |||| 000u eng d | ||
| 020 |
_a9780190253301 _9978-0-19-025330-1 |
||
| 041 | _aeng | ||
| 100 | 1 | _aToal, Gerard | |
| 245 | 0 | 0 |
_aNear abroad : _bPutin, the West, and the contest over Ukraine and the Caucasus / _cGerard Toal |
| 264 |
_aOxford : _bOxford University Press, _c2017 |
||
| 300 | _a408 Seiten | ||
| 650 | 0 | _aGeopolitik | |
| 650 | 0 | _aNachbarstaat | |
| 650 | 0 | _aBewaffneter Konflikt | |
| 650 | 0 | _aGeorgien-Krieg | |
| 650 | 0 | _aUkrainekrieg (2014-) | |
| 651 | 0 | _aRussland | |
| 651 | 0 | _aUkraine | |
| 651 | 0 | _aGeorgien | |
| 651 | 0 | _aKrim | |
| 651 | 0 | _aMoldawien | |
| 651 | 0 | _aAbchasien | |
| 651 | 0 | _aSüdossetien | |
| 942 | _cMG | ||
| 040 | _cRU-10907106 | ||
| 003 | RU-10907106 | ||
| 999 |
_c28580 _d28580 |
||